COMPLETE MESS - 5 Seconds of Summer (All Lyrics) - Statistics

General Stats
  • This quiz has been taken 169 times
  • The average score is 207 of 234
Answer Stats
COMPLETE MESS % Correct
a
100%
you
100%
You
100%
complete
99%
I?
99%
I
99%
make
99%
me
99%
mess
99%
the
97%
have
96%
Chorus Oh
96%
in
94%
up
94%
ain't
93%
but
93%
But
93%
same
93%
your
93%
And
92%
been
92%
Heaven
92%
never
92%
I've
90%
away
89%
Breakdown | Verse 1 Caught
89%
saint
89%
to
89%
I'm
85%
life
83%
my
83%
am
80%
on
77%
slip
77%
when
76%
like
75%
change
73%
missin'
72%
out
72%
This
70%
as
66%
As
66%
half
66%
lesson
65%
always
63%
feel
63%
it
63%
one
63%
flame
62%
felt
59%
drift
58%
no
58%
say
58%
get
56%
gold
56%
turns
56%
missing
55%
slide
55%
darkness
54%
take
54%
evanescence
52%
goodbye
52%
hold
52%
ask
51%
colors
51%
learned
51%
moments
51%
questions
51%
inside
49%
you'll
49%
their
48%
Cause
46%
fleeting
46%
Verse 2 Hang
46%
Pre-Chorus Call
45%
they'll
45%
No matching quizzes found
Score Distribution
Percent of People with Each Score
Percentile by Number Answered
Your Score History
You have not taken this quiz